[Event "ROM-ch U08"]
[Site "Calimanesti"]
[Date "2015.04.05"]
[Round "8"]
[White "Craita, Stefan Alexandru"]
[Black "Muresanu, Gabriel Emanuel"]
[Result "0-1"]
[WhiteElo "1001"]
[BlackElo "1054"]
[PlyCount "78"]
[EventDate "2015.03.30"]
[EventType "swiss"]
[EventRounds "9"]
[EventCountry "ROU"]
[SourceTitle "CBM 165 Extra"]
[Source "ChessBase"]
[SourceDate "2015.04.21"]
[SourceVersion "1"]
[SourceVersionDate "2015.04.21"]
[SourceQuality "1"]

1. e4 e6 2. Nf3 d5 3. Nc3 Bc5 4. Bb5+ c6 5. Ba4 Ne7 6. 0-0 0-0 7. d3 a5 8. Bb3 Ng6 9. h3 Bd6 10. a3 e5 11. Be3 d4 12. Bg5 Qc7 13. Na4 b5 14. Nc3 dxc3 15. bxc3 h6 16. Be3 a4 17. Ba2 Bxa3 18. Bc5 Bxc5 19. d4 exd4 20. cxd4 Rd8 21. c3 Ba3 22. d5 Bb2 23. Rb1 Bxc3 24. Qd3 Be5 25. Nxe5 Nxe5 26. Qd4 Bxh3 27. gxh3 Nf3+ 28. Kg2 Nxd4 29. dxc6 Nbxc6 30. Rfe1 Kh8 31. Rbc1 Qb6 32. Bd5 Rac8 33. Bxf7 Ne2 34. Rc2 Rd1 35. Rexe2 Rcd8 36. e5 R8d2 37. Rexd2 Rxd2 38. Kg1 Qxf2+ 39. Kh1 Qg2# 0-1

[Event "ROM-ch U08"]
[Site "Calimanesti"]
[Date "2015.04.02"]
[Round "4"]
[White "Antohi, Rares Nicusor"]
[Black "Muresanu, Gabriel Emanuel"]
[Result "1/2-1/2"]
[WhiteElo "1001"]
[BlackElo "1054"]
[PlyCount "63"]
[EventDate "2015.03.30"]
[EventType "swiss"]
[EventRounds "9"]
[EventCountry "ROU"]
[SourceTitle "CBM 165 Extra"]
[Source "ChessBase"]
[SourceDate "2015.04.21"]
[SourceVersion "1"]
[SourceVersionDate "2015.04.21"]
[SourceQuality "1"]

1. e4 e6 2. d4 d5 3. Nc3 Bb4 4. Bd3 Ne7 5. Nf3 0-0 6. Bd2 c5 7. Be3 Bxc3+ 8. bxc3 Qc7 9. 0-0 cxd4 10. cxd4 Qc6 11. exd5 exd5 12. Re1 Nd7 13. Bf4 Ng6 14. Qd2 Nxf4 15. Qxf4 Nf6 16. a4 Ne4 17. Ng5 Nxg5 18. Qxg5 h6 19. Qd2 Bd7 20. Bb5 Qd6 21. Bxd7 Qxd7 22. Qe2 Rfe8 23. Qd2 Rxe1+ 24. Rxe1 Re8 25. Rxe8+ Qxe8 26. a5 Qb5 27. h3 b6 28. axb6 Qxb6 29. Qd3 a5 30. c4 dxc4 31. Qxc4 Qb4 32. Qc5 1/2-1/2

[Event "ROM-ch U08"]
[Site "Calimanesti"]
[Date "2014.04.13"]
[Round "9"]
[White "Coroiu, Alexandru"]
[Black "Muresanu, Gabriel Emanuel"]
[Result "1-0"]
[WhiteElo "1012"]
[BlackElo "1001"]
[PlyCount "63"]
[EventDate "2014.04.06"]
[EventType "swiss"]
[EventRounds "9"]
[EventCountry "ROU"]
[SourceTitle "CBM 160 Extra"]
[Source "ChessBase"]
[SourceDate "2014.07.01"]
[SourceVersion "1"]
[SourceVersionDate "2014.07.01"]
[SourceQuality "1"]

1. e4 c6 2. a3 d5 3. exd5 cxd5 4. d4 Nf6 5. Nc3 Bg4 6. f3 Bh5 7. Bf4 Nc6 8. Qd2 e6 9. Nb5 Bd6 10. Bxd6 Rc8 11. 0-0-0 a6 12. Nc3 Qxd6 13. g4 Bg6 14. Bd3 Bxd3 15. Qxd3 b5 16. g5 b4 17. axb4 Nxb4 18. Qd2 Rc4 19. gxf6 Nc6 20. fxg7 Rg8 21. Qh6 Ra4 22. Nxa4 Qc7 23. Qxh7 Rxg7 24. Qxg7 Nb4 25. c3 Na2+ 26. Kb1 Qc4 27. Qg8+ Ke7 28. Qg5+ f6 29. Qg7+ Kd6 30. Qf8+ Kc7 31. Qe7+ Kc6 32. Qxe6+ 1-0

[Event "ROM-ch U08"]
[Site "Calimanesti"]
[Date "2014.04.11"]
[Round "7"]
[White "Buca, Dragos Stefan"]
[Black "Muresanu, Gabriel Emanuel"]
[Result "1-0"]
[WhiteElo "1016"]
[BlackElo "1001"]
[PlyCount "49"]
[EventDate "2014.04.06"]
[EventType "swiss"]
[EventRounds "9"]
[EventCountry "ROU"]
[SourceTitle "CBM 160 Extra"]
[Source "ChessBase"]
[SourceDate "2014.07.01"]
[SourceVersion "1"]
[SourceVersionDate "2014.07.01"]
[SourceQuality "1"]

1. e4 e6 2. d4 d5 3. e5 c5 4. dxc5 Bxc5 5. Nf3 Ne7 6. Nc3 Bb4 7. Bd2 Na6 8. Bd3 Nc5 9. 0-0 Nxd3 10. cxd3 d4 11. Ne4 Bxd2 12. Nd6+ Kf8 13. Qxd2 Bd7 14. Qf4 Be8 15. Ng5 Ng6 16. Qf3 Nh4 17. Qg4 h6 18. Nge4 f5 19. Qf4 Ng6 20. Qf3 Nh4 21. Qf4 g5 22. Qg3 f4 23. Qg4 h5 24. Qxe6 Bd7 25. Qf7# 1-0

[Event "ROM-ch U08"]
[Site "Calimanesti"]
[Date "2014.04.09"]
[Round "4"]
[White "Muresanu, Gabriel Emanuel"]
[Black "Veress, Armand"]
[Result "0-1"]
[WhiteElo "1001"]
[BlackElo "1026"]
[PlyCount "34"]
[EventDate "2014.04.06"]
[EventType "swiss"]
[EventRounds "9"]
[EventCountry "ROU"]
[SourceTitle "CBM 160 Extra"]
[Source "ChessBase"]
[SourceDate "2014.07.01"]
[SourceVersion "1"]
[SourceVersionDate "2014.07.01"]
[SourceQuality "1"]

1. d4 d5 2. Nf3 e6 3. e3 Bd6 4. Bd3 f5 5. 0-0 Nf6 6. Bd2 0-0 7. a3 c6 8. g3 Bd7 9. Bb4 Qc7 10. Bxd6 Qxd6 11. Ne5 Be8 12. Nc3 Nbd7 13. Nxd7 Qxd7 14. Qd2 Bh5 15. Be2 Qf7 16. Bxh5 Qxh5 17. Ne2 Ng4 0-1